| 000 | 00420nam a22001697a 4500 | ||
|---|---|---|---|
| 999 |
_c525484 _d525484 |
||
| 003 | NUST | ||
| 038 | _aArshad | ||
| 082 |
_a297.9 _bAHM |
||
| 100 |
_aAhmed _916389 |
||
| 245 |
_aTareekh e yaqoobi / _cAhmed |
||
| 260 |
_aIslamabad : _bAl.baseera publications, _c2010. |
||
| 300 | _a712 p. ; | ||
| 500 | _aHardcover. | ||
| 880 |
_6100-01\r _aاحمد |
||
| 880 |
_6245-02\r _aتاریخ یعقوبی / |
||
| 942 |
_2ddc _cBK |
||